00660nai a2200169Ia 4500003000900000008004100009022002200050022002300072040001600095245005500111260008600166310001200252362003000264521006900294650003900363856008800402IN-BaIIA211028c9999 xx s 000 0 eng d a1051-8207 (Print) a1558-2329 (Online) cIIA Library 0aIEEE Microwave and Guided Wave Lettersh[eJournal] aNew York, USAbThe Institute of Electrical and Electronics Engineers, Inc. (IEEE) aMonthly a1(1); 1991 - 10(12); 2000 bSubscribed through National Knowledge Resource Consortium (NKRC) aFields, Waves and Electromagnetics uhttps://ieeexplore.ieee.org/servlet/opac?punumber=75yClick Here to Access eJournal